|
|
|
|
| LEADER |
00000nam0a2200000 4500 |
| 001 |
332183 |
| 005 |
20231102004430.0 |
| 010 |
|
|
|a 9785955805580
|
| 010 |
|
|
|a 978-5-16-012712-5
|
| 035 |
|
|
|a (RuTPU)RU\TPU\book\358085
|
| 090 |
|
|
|a 332183
|
| 100 |
|
|
|a 20170517d2019 k y0rusy50 ca
|
| 101 |
0 |
|
|a rus
|
| 102 |
|
|
|a RU
|
| 105 |
|
|
|a a z 001zy
|
| 200 |
1 |
|
|a Замкнутые системы охлаждения судовых энергетических установок
|e монография
|f К. Ю. Федоровский, Н. К. Федоровская
|g Севастопольский государственный университет (СевГУ)
|
| 210 |
|
|
|a Москва
|c Вузовский учебник
|c Инфра-М
|d 2019
|
| 215 |
|
|
|a 160 с.
|c ил.
|
| 225 |
1 |
|
|a Научная книга
|
| 320 |
|
|
|a Библиогр.: с. 148-159
|
| 320 |
|
|
|a Сокращения и условные обозначения: с. 3-4
|
| 320 |
|
|
|a Индексы: с. 4
|
| 330 |
|
|
|a Рассматриваются вопросы создания работающих по замкнутому контуру систем охлаждения энергоустановок судов и морских платформ, исключающих необходимость приема забортной охлаждающей воды и отличающихся высокой надежностью и экологической безопасностью эксплуатации. Представлены результаты экспериментальных исследований и примеры практического использования.
|
| 606 |
1 |
|
|a Судовые энергетические установки
|2 stltpush
|3 (RuTPU)RU\TPU\subj\58222
|9 76029
|
| 610 |
1 |
|
|a замкнутые системы
|
| 610 |
1 |
|
|a системы охлаждения
|
| 610 |
1 |
|
|a теплоотвод
|
| 610 |
1 |
|
|a теплопередача
|
| 610 |
1 |
|
|a теплообменные аппараты
|
| 610 |
1 |
|
|a проектирование
|
| 610 |
1 |
|
|a конструкции
|
| 610 |
1 |
|
|a технический уровень
|
| 610 |
1 |
|
|a монографии
|
| 675 |
|
|
|a 629.12-8
|v 4
|
| 700 |
|
1 |
|a Федоровский
|b К. Ю.
|
| 701 |
|
1 |
|a Федоровская
|b Н. К.
|
| 712 |
0 |
2 |
|a Севастопольский государственный университет (СевГУ)
|c (2014- )
|2 stltpush
|3 (RuTPU)RU\TPU\col\20593
|
| 801 |
|
1 |
|a RU
|b 63413507
|c 20170517
|
| 801 |
|
2 |
|a RU
|b 63413507
|c 20190614
|g RCR
|
| 942 |
|
|
|c BK
|
| 959 |
|
|
|a 1/20170109
|d 1
|e 462,00
|f ЧЗТЛ:1
|